000
00231nam a2200097Ia 4500
001
919293
005
20250826185949.0
008
250824s9999 xx 000 0 und d
245
0
_a
MOR
_c
KAHRAMAN TAZEOĞLU
260
_b
DESTEK YAYINLARI
999
_c
919293
_d
919293